| 000 | 00849nam a22002537a 4500 | ||
|---|---|---|---|
| 003 | OSt | ||
| 005 | 20241022181754.0 | ||
| 008 | 241022b |||||||| |||| 00| 0 sp d | ||
| 020 | _a9681667794 | ||
| 040 |
_acunsuroc _besp _cana _dana |
||
| 082 |
_24a. ed. _a301.01 M575:4 _b1 |
||
| 100 |
_aMerton, Robert K. _910259 |
||
| 245 |
_aTeoría y estructuras sociales _cMerton, Robert K. _hFísico |
||
| 250 | _a4a. ed. | ||
| 260 |
_aMéxico: _bFondo de Cultura Económica, _c2002 |
||
| 300 |
_a776p. _bColec. Sociológica _c; 23cm. |
||
| 365 |
_b2 _d99.29 c/ u _jmx |
||
| 504 | _aBibliografía: 741-746 | ||
| 650 | _2Sociología - Teoría | ||
| 650 | _2Estructura Burocrática - Pública | ||
| 700 |
_aTorner, Florentino M. trad. _910233 |
||
| 700 |
_aBunge, Mario, trad. _910260 |
||
| 942 |
_2ddc _cBK _e4a. ed. _h301.01 M575:4 _n0 |
||
| 999 |
_c3960 _d3960 |
||